Write Idea! (Record no. 11754)
[ view plain ]
| 000 -LEADER | |
|---|---|
| fixed length control field | 00525nam a22001937a 4500 |
| 003 - CONTROL NUMBER IDENTIFIER | |
| control field | PILC |
| 005 - DATE AND TIME OF LATEST TRANSACTION | |
| control field | 20151028082823.0 |
| 008 - FIXED-LENGTH DATA ELEMENTS--GENERAL INFORMATION | |
| fixed length control field | 130920t xxu||||| |||| 00| 0 eng d |
| 020 ## - INTERNATIONAL STANDARD BOOK NUMBER | |
| International Standard Book Number | 0022441786 |
| 050 ## - LIBRARY OF CONGRESS CALL NUMBER | |
| Classification number | PZ 7 |
| Item number | .Uc17 |
| 082 ## - DEWEY DECIMAL CLASSIFICATION NUMBER | |
| Classification number | GS 415 |
| Item number | A1 1996 |
| 100 ## - MAIN ENTRY--PERSONAL NAME | |
| Personal name | Aoki, Elaine Mei |
| 9 (RLIN) | 21047 |
| 245 ## - TITLE STATEMENT | |
| Title | Write Idea! |
| Statement of responsibility, etc | Elaine Mei Aoki. |
| Remainder of title | integrated writing and grammar |
| 260 ## - PUBLICATION, DISTRIBUTION, ETC. (IMPRINT) | |
| Place of publication, distribution, etc | New York : |
| Name of publisher, distributor, etc | Macmillan/Mcgraw Hill |
| Date of publication, distribution, etc | 1996. |
| 300 ## - PHYSICAL DESCRIPTION | |
| Extent | 430 p. |
| Other physical details | ill . |
| Dimensions | 30 cm. |
| 942 ## - ADDED ENTRY ELEMENTS (KOHA) | |
| Source of classification or shelving scheme | Library of Congress Classification |
| Koha item type | Books |
| Withdrawn status | Lost status | Source of classification or shelving scheme | Damaged status | Home library | Current library | Shelving location | Date acquired | Total Checkouts | Full call number | Barcode | Date last seen | Copy number | Price effective from | Koha item type |
|---|---|---|---|---|---|---|---|---|---|---|---|---|---|---|
| Library of Congress Classification | Luxembourg Library | Luxembourg Library | Grade School Section | 09/20/2013 | PZ 7 .Uc17 1996 | 8011 | 09/20/2013 | 1 | 09/20/2013 | Books | ||||
| Library of Congress Classification | Luxembourg Library | Luxembourg Library | Grade School Section | 09/20/2013 | PZ 7 .Uc17 1996 | 8014 | 09/20/2013 | 1 | 09/20/2013 | Books |